Loading...
Fine Arts - Classical Music | 7 | 7.14 | 71% | 0% | 0% |
Fine Arts - Other Fine Arts | 4 | 15.00 | 100% | 25% | 25% |
Fine Arts - Painting & Sculpture | 3 | 13.33 | 100% | 33% | 0% |
History - American History | 4 | 12.50 | 75% | 25% | 25% |
History - European History | 4 | 7.50 | 75% | 0% | 0% |
History - Other History | 6 | 10.00 | 100% | 0% | 0% |
History - World History | 3 | 10.00 | 100% | 0% | 0% |
Literature - American Literature | 3 | 13.33 | 100% | 33% | 0% |
Literature - British Literature | 3 | 13.33 | 100% | 33% | 0% |
Literature - European Literature | 2 | 10.00 | 100% | 0% | 0% |
Literature - World Literature | 4 | 7.50 | 75% | 0% | 0% |
Mythology | 3 | 13.33 | 100% | 33% | 0% |
Other | 5 | 14.00 | 100% | 40% | 0% |
Philosophy | 1 | 10.00 | 100% | 0% | 0% |
Religion | 4 | 10.00 | 100% | 0% | 0% |
Science - Biology | 3 | 10.00 | 67% | 33% | 0% |
Science - Chemistry | 3 | 3.33 | 33% | 0% | 0% |
Science - Other Science | 5 | 8.00 | 80% | 0% | 0% |
Science - Physics | 5 | 4.00 | 40% | 0% | 0% |
Social Science | 3 | 13.33 | 100% | 33% | 0% |